Sąsiedzi miasta Jaworzno - Statystyki

Ogólne statystyki
  • Ten quiz został rozwiązany 163 razy
  • Średni wynik to 6 z 9
Statystyki odpowiedzi
ludność
(r. 2021)
Odpowiedź % Poprawnych
74 559 Mysłowice
97%
197 586 Sosnowiec
97%
36 575 Chrzanów
85%
8894 Imielin
55%
19 663 Trzebinia
54%
3400 Balin
51%
10 106 Bukowno
50%
17 003 Libiąż
41%
9031 Chełmek
39%
Nie znaleziono quizów pasujących do podanych kryteriów
Rozkład punktacji
Procent ludzi z każdym wynikiem
Percentyl według liczby udzielonych odpowiedzi
Twoja historia wyników
Nie rozwiązałeś tego quizu